000 00628nam a2200253Ia 4500
005 20260121153844.0
008 008 260114s9999 xx 000 0 eng d
020 _a9780203862179
037 _aEBOOK
040 _aCRL
040 _beng
040 _cCRL
041 _2eng
041 _aeng
084 _qCRL
100 _aDavid R. Black; Paul D. Williams
_9999961
245 4 _aThe International Politics of Mass Atrocities
260 _bTaylor and Francis
260 _c2010
856 _uhttp://www.taylorfrancis.com/books/9780203862179
942 _cEBOOK
999 _c1566782
_d1566782